00700nam a2200193Ia 4500001002700000003000900027008004100036040002300077041001300100100002400113245007600137250001500213260002800228300001900256490004900275501012400324520003600448700002200484791.430 7-ROS ro tr (7377)IT-MiSPE171229s9999||||xx |||||||||||||| ||und|| aIT-MiSPEcIT-MiSPE aITALIANO aRoberto Rossellini  0aTrilogia della guerrabRoma città aperta; Paisà; Germania anno zero a1a ed. (v) aBolognabCappellic1972 a313 p. c25 cm aDal soggetto al film: Serie retrospettivav2 aEdizioni San Paolo srl - Piazza Soncino, 5 - 20092 CINISELLO BALSAMO (MI) (non commercial uses only) ® Copyright 2018 aStefano Roncoroni (intr.). Tav. aStefano Roncoroni